Do You Really Know the TV Show Friends? Part 2 - Statistics

General Stats
  • This quiz has been taken 677 times
  • The average score is 9 of 15
Answer Stats
Question Answer % Correct
What holiday does Chandler hate? Thanksgiving
91%
What soap opera was Joey on as Dr. Drake Ramore? Days of Our Lives
89%
What language does Phoebe try to teach Joey for an audition? French
89%
Who is in love with Rachel and never gets to date her? Gunther
87%
What do the Friends eat while trapped when Ross and Rachel are arguing about his cheating? Wax
80%
What kind of bed does Monica accidentally end up with? Racecar
77%
When Phoebe's sailor guy resurfaces, what disease do they each catch? Chicken Pox
74%
What was Rachel's maid of honor's name who ends up marrying Barry? Mindy
72%
What does Joey suffer from while Phoebe is in labor with the triplets? Kidney Stones
69%
What game show does Joey audition to host? Bamboozled
56%
What was the faux choclate Monica was forced to make Christmas desserts with? Mockolate
45%
What did Ross call himself as a child when he hosted tea parties? Bee
42%
What was Phoebe's relation to the rest of the group in the beginning Monica's roommate
26%
What is Chandler Bing's job? Data Processor
23%
What troop did the little girl who Ross cripples sells cookies for? Brown Birds
21%
No matching quizzes found
Score Distribution
Percent of People with Each Score
Percentile by Number Answered
Your Score History
You have not taken this quiz